Red Hat Enterprise Linux and Fedora Core 4 : The Complete Reference /
Contenido: 1. Para iniciar: Introducción a Fedora Core y Red Hat Enterprise Linux; Instalación de Fedora Core y Red Hat Enterprise Linux; Fundamentos de las interfaces: login, escritorio y ayuda; Configuración del sistema; Configuración de la red; 2. Ambientes: GNOME; El ambiente K Desktop y el XFce...
Shranjeno v:
| Glavni avtor: | |
|---|---|
| Format: | Knjiga |
| Jezik: | angleščina |
| Izdano: |
Emeryville, EUA :
McGraw-Hill,
2005, c2005
|
| Serija: | (The Complete Reference)
|
| Teme: | |
| Oznake: |
Brez oznak, prvi označite!
|
MARC
| LEADER | 00000nam^a2200000^a^4500 | ||
|---|---|---|---|
| 001 | 000182397 | ||
| 005 | 20250521000000.0 | ||
| 009 | 20260310102007.132 | ||
| 020 | |a 0-07-226154-4 | ||
| 037 | |a Acervo ITESO - Biblioteca | ||
| 041 | |a ING | ||
| 082 | |a 005. 43 |b PET | ||
| 100 | |a Petersen, Richard |e (autor) | ||
| 245 | 1 | 0 | |a Red Hat Enterprise Linux and Fedora Core 4 : |b The Complete Reference / |c R. Petersen. |
| 264 | 4 | |a Emeryville, EUA : |b McGraw-Hill, |c 2005, c2005 | |
| 300 | |a XXXIX, 915 p. + |e 1 disco compacto de computadora | ||
| 336 | |a texto |b txt |2 rdacontenido | ||
| 337 | |a sin mediación |b n |2 rdamedio | ||
| 338 | |a volumen |b nc |2 rdasoporte | ||
| 440 | 5 | |a (The Complete Reference) | |
| 520 | |a Contenido: 1. Para iniciar: Introducción a Fedora Core y Red Hat Enterprise Linux; Instalación de Fedora Core y Red Hat Enterprise Linux; Fundamentos de las interfaces: login, escritorio y ayuda; Configuración del sistema; Configuración de la red; 2. Ambientes: GNOME; El ambiente K Desktop y el XFce4 Desktop: KDE; El shell; La configuración del shell; Administración de archivos y directorios de Linux: directorios, archivos y compresión; 3. Aplicaciones: Aplicaciones de Office y bases de datos; Herramientas gráficas y multimedia; Correo y clientes nuevos; Web, FTP y clientes de Java; Herramientas de la red; 4. Seguridad: Cifrado, checado de integridad y firmas: guardia de privacidad GNU; Linux de seguridad aumentada: SELinux; Seguridad del protocolo de Internet: IPsec; Shell seguro y Kerberos; Firewalls de la red: Netfilter; 5. Servidores de red: Administración de servicios; Servidores FTP; Servidores web: Apache; Servidores Proxy: Squid; Servidores de correo: SMTP, POP e IMAP; Servidores de impresión: CUPS; Servidores de noticias y búsqueda; Servidores de bases de datos: MySQL y PostgreSQL; 6. Administración del sistema: Administración básica del sistema; Administración de usuarios; Administración del software; Administración del sistema de archivos; RAID y LVM; Dispositivos y módulos; Administración del kernel; Administración de respaldo: rsync, Amanda y dump/restore; 7. Administración de la red: Administración de redes TCP/IP; Sistema del nombre del dominio; Autoconfiguración de la red: IPv6, DHCPv6 y DHCP; NFS, NIS y GFS; Samba. | ||
| 649 | |a XX | ||
| 650 | |a Paquetes (Software) | ||
| 650 | |a Bases de Datos | ||
| 650 | |a Multimedia | ||
| 650 | |a Internet - |x Seguridad | ||
| 650 | |a Internet | ||
| 650 | |a Sistemas Operativos - |x Administración | ||
| 650 | |a Protocolos de Comunicación | ||
| 650 | |a Servidores (Computadoras) - |x Seguridad | ||
| 650 | |a Servidores (Computadoras) - |x Administración | ||
| 650 | |a Redes de Computadoras - |x Seguridad | ||
| 650 | |a Redes de Computadoras - |x Administración | ||
| 650 | |a Comunicación en Red | ||
| 650 | |a Telecomunicaciones | ||
| 650 | |a Paquetes (Software) | ||
| 650 | |a Programación (Software) | ||
| 650 | |a Sistemas Computacionales | ||
| 650 | |a Ingeniería Computacional | ||
| 910 | |a Fondo General | ||
| 920 | |a Impresos - Libros | ||
| 930 | |a Colección General | ||
| 905 | |a 101 | ||
| 901 | |a 0500122046 |b IT1 |c ACC |u 20250521 | ||
| 901 | |a SFW0000164 |b IT2 |c SWS |u 20250521 | ||
| 902 | |a https://opac.biblio.iteso.mx/vufind/Record/000182397 | ||